00684nam a2200205 i 4500001000300000100002200003245011000025250002100135260003200156300003400188504003600222650001100258655001800269020001500287040000800302041000700310080002200317008004100339856009800380bg1 aWIERZBICKI, Marek10aProgramowanie obiektowe w Turbo Pascalu 7.0 z wykorzystaniem biblioteki Turbo Vision /cMarek Wierzbicki. a[Wyd.1 nakł.3]. aWarszawa :b"Lupus",c1995. a323, [1] s. :brys. ;c24 cm. aBibliogr. s. 319-320. - Indeks. 9aPASCAL aPodręczniki a8385545166 cBPK0 apl a004.438(07)Pascal s pl f |000 0 pol  uhttp://koha.tu.koszalin.pl/cgi-bin/koha/opac-detail.pl?biblionumber=37583yKatalog online BPK